| 000 | 00528nam a2200181 a 4500 | ||
|---|---|---|---|
| 005 | 20140311163001.0 | ||
| 008 | 021029s19uu xx 00 eng d | ||
| 020 | _a9814057398 | ||
| 050 |
_aHD 7256 _b.G341 1998 |
||
| 100 | _aGenus, Audley | ||
| 245 |
_aThe management of change : _bperpectives & practice / _cAudley Genus. |
||
| 260 |
_aLondon : _bInternational Thomson Business Press, _c1998. |
||
| 300 |
_a123 p. : _c26 cm. |
||
| 521 | _aBSBA | ||
| 650 | _aStrategic management | ||
| 942 |
_cBK _2lcc _kFOR |
||
| 999 |
_c39213 _d39213 |
||